000 00621nam a2200205Ia 4500
003 OSt
005 20250930113750.0
008 210210b2000 xxu||||| |||| 00| 0 eng d
040 _cAL
041 _aKannada
082 _aK894.109 SUBS
100 _aSUBHENDU MUNDA
_dಸುಭೇಂದು ಮುಂಡಾ
_9241034
245 _aSitakanta mohapatra
_b ಸೀತಾಕಾಂತ ಮೋಹಪಾತ್ರ
260 _bKarnataka Sahitya Akademi
_c2000
300 _aviii,84
650 _aOriya Sitakanta Mohapatra Jnanapita
_9241035
690 _aKannada Poetry Criticism
_9241036
906 _a059420
942 _2ddc
_cBK
999 _c106445
_d106445